Autobiographies (Record no. 135967)

MARC details
000 -LEADER
fixed length control field 00357nam a2200157Ia 4500
008 - FIXED-LENGTH DATA ELEMENTS--GENERAL INFORMATION
fixed length control field 230917s9999||||xx |||||||||||||| ||und||
020 ## - ISBN
Price GBP4.95
040 ## - CATALOGING SOURCE
-- 58264
Original cataloging agency VIVEKANANDA LIBRARY
041 ## - Language
-- English
082 ## - DDC NUMBER
Classification number 821.8 Y34A
100 ## - MAIN ENTRY--PERSONAL NAME
Personal name Yeats, W B
245 #0 - TITLE STATEMENT
Title Autobiographies
260 ## - PUBLICATION, DISTRIBUTION, ETC. (IMPRINT)
Place of publication, distribution, etc London
Name of publisher, distributor, etc Macmillan
Date of publication, distribution, etc 1973
300 ## - PHYSICAL DESCRIPTION
Pages v, 591 p.
942 ## - ADDED ENTRY ELEMENTS (KOHA)
Koha item type Books
Holdings
Withdrawn status Lost status Damaged status Not for loan Location (home branch) Sublocation or collection (holding branch) Date acquired Koha issues (times borrowed) Koha full call number Accession No. Koha date last seen Koha item type
        VIVEKANANDA LIBRARY VIVEKANANDA LIBRARY 27/12/2002   821.8 Y34A 23649 17/09/2023 Books
© Designed and Maintained by Vivekananda Library, MDU Rohtak